|
|
|
|
| LEADER |
03042cam a2200709 i 4500 |
| 001 |
nkc20193094493 |
| 003 |
CZ PrNK |
| 005 |
20190916110704.0 |
| 007 |
ta |
| 008 |
190528s2019 xr f 001 0dger d |
| 015 |
|
|
|a cnb003094493
|
| 020 |
|
|
|a 978-80-246-3990-1
|q (brožováno)
|
| 035 |
|
|
|a (OCoLC)1122795004
|
| 040 |
|
|
|a OSA001
|b cze
|d OLA001
|e rda
|
| 043 |
|
|
|a e-xr---
|
| 045 |
|
|
|a t-y-
|
| 072 |
|
7 |
|a 271/279
|x Křesťanské církve, sekty, denominace
|2 Konspekt
|9 5
|
| 080 |
|
|
|a 274/278-722.7
|2 MRF
|
| 080 |
|
|
|a 274/278
|2 MRF
|
| 080 |
|
|
|a 27-9
|2 MRF
|
| 080 |
|
|
|a 27-662:3
|2 MRF
|
| 080 |
|
|
|a 322:27-67
|2 MRF
|
| 080 |
|
|
|a 27-662:316.74
|2 MRF
|
| 080 |
|
|
|a 2-6
|2 MRF
|
| 080 |
|
|
|a (437.3)
|2 MRF
|
| 080 |
|
|
|a (081)
|2 MRF
|
| 100 |
1 |
|
|a Schwarz, Karl W.
|7 uk2005305139
|4 aut
|
| 245 |
1 |
0 |
|a Von Mathesius bis Masaryk :
|b über den Protestantismus in den böhmischen Ländern zwischen Asch-Aš und Teschen-Těšín-Cieszyn /
|c Karl W. Schwarz ; herausgegeben von Jan B. Lášek
|
| 250 |
|
|
|a 1. Auflage
|
| 264 |
|
1 |
|a Prag :
|b Karls-Universität, Verlag Karolinum,
|c 2019
|
| 300 |
|
|
|a 270 stran ;
|c 24 cm
|
| 336 |
|
|
|a text
|b txt
|2 rdacontent
|
| 337 |
|
|
|a bez média
|b n
|2 rdamedia
|
| 338 |
|
|
|a svazek
|b nc
|2 rdacarrier
|
| 504 |
|
|
|a Obsahuje bibliografii, bibliografické odkazy a rejstřík
|
| 648 |
|
7 |
|a 16.-21. století
|7 ch757033
|2 czenas
|
| 650 |
0 |
7 |
|a protestanté
|7 ph182343
|z Česko
|y 16.-21. století
|2 czenas
|
| 650 |
0 |
7 |
|a protestantismus
|7 ph124663
|z Česko
|y 16.-21. století
|2 czenas
|
| 650 |
0 |
7 |
|a církevní dějiny
|7 ph114283
|z Česko
|y 16.-21. století
|2 czenas
|
| 650 |
0 |
7 |
|a křesťanství a společnost
|7 ph138510
|z Česko
|y 16.-21. století
|2 czenas
|
| 650 |
0 |
7 |
|a křesťanství a politika
|7 ph417914
|z Česko
|y 16.-21. století
|2 czenas
|
| 650 |
0 |
7 |
|a křesťanství a kultura
|7 ph115078
|z Česko
|y 16.-21. století
|2 czenas
|
| 650 |
0 |
9 |
|a Protestants
|z Czechia
|y 16th-21st centuries
|2 eczenas
|
| 650 |
0 |
9 |
|a Protestantism
|z Czechia
|y 16th-21st centuries
|2 eczenas
|
| 650 |
0 |
9 |
|a church history
|z Czechia
|y 16th-21st centuries
|2 eczenas
|
| 650 |
0 |
9 |
|a Christianity and civilization
|z Czechia
|y 16th-21st centuries
|2 eczenas
|
| 650 |
0 |
9 |
|a Christianity and politics
|z Czechia
|y 16th-21st centuries
|2 eczenas
|
| 650 |
0 |
9 |
|a Christianity and culture
|z Czechia
|y 16th-21st centuries
|2 eczenas
|
| 651 |
|
7 |
|a Česko
|7 ge128065
|x náboženské poměry
|y 16.-21. století
|2 czenas
|
| 651 |
|
9 |
|a Czechia
|x religious conditions
|y 16th-21st centuries
|2 eczenas
|
| 655 |
|
7 |
|a sborníky
|7 fd724345
|2 czenas
|
| 655 |
|
9 |
|a papers by one author
|2 eczenas
|
| 700 |
1 |
|
|a Lášek, Jan Blahoslav,
|d 1956-
|7 skuk0000768
|4 edt
|
| 910 |
2 |
|
|a BOA001
|b 2-1430.329
|
| 920 |
|
|
|a 000770248
|z OSA001
|
| 928 |
9 |
|
|a Karolinum
|
| 928 |
9 |
|
|a Univerzita Karlova, nakladatelství Karolinum
|
| 990 |
|
|
|a BK
|
| 995 |
|
|
|a 01
|
| 991 |
|
|
|b 201907
|c NOV
|
| 996 |
6 |
|
|b 2610787339
|c 2-1430.329
|l MZK
|r Sklad / do 1 hodiny
|n 0
|p p.v.
|w 001731389
|u 000010
|a 1
|e BOA001
|j MZK50
|s P
|
| 996 |
7 |
|
|b 2610791283
|c 2-1430.329
|l MZK
|r Sklad / do 1 hodiny
|n 0
|p kup
|w 001731389
|u 000020
|a 1
|e BOA001
|j MZK50
|s A
|